Memes francais #1 - Statistiques

Statistiques générales
  • Ce quiz a été pris 5 765 fois
  • Le résultat moyen est 14 sur 20
Statistiques - réponses
Questions Réponses % Correct
La place de la femme c'est la ........ cuisine
98%
je vous jure que je ne peux pas, eh je suis pas venue ici pour ......... ok souffrir
96%
encore, ça fait ............. la non beaucoup
95%
Le football il a ......... changé
93%
Mais t'es pas net ........... baptiste
89%
j'ai des connaissances en chimie que t 'as pas, frappe moi ... .. ............... je t'empoisonne
87%
C'est une hallucination ............ collective
85%
mais voila mais c'était .... enfaite sur
85%
les gens qui parlent en français ils ont tellement de ......... charisme
81%
Comment ça mon ......... reuf
79%
bien évidemment,bien évidemment ...... ............. bien évidemment
71%
ah bas bravo ..... , super pour l'appareil photo nils
67%
qu'est ce que vous pensez de la société? oulala c'est la .............. décadence
66%
ça va faire tout noir ... ........... ta gueule
62%
je vais te briser tes os, je vais te ....... .... ...... boire ton sang
61%
non mais c'est pas toi qui ......... décide
60%
moi quand j'étais jeune, .. ......... .......... dans 20-30 ans y'en auras plus j'adore l'eau
39%
si un jour vous vous retrouver face a un terroriste pret a vous tuer eh bas ........ ......... méfiez vous
38%
non mais vous .......... la monsieur fumez
28%
ta gueule, ... ..... ........ , il fait pas beau tu es moche
21%
Aucun quiz correspondant
Distribution des résultats
% des personnes avec chaque résultat
Percentile par nombre de réponses
Votre historique - résultats
Vous n’avez pas pris ce quiz